2023 NASCAR Cup Series Winners - Statistics

General Stats
  • This quiz has been taken 91 times
  • The average score is 35 of 41
Answer Stats
Race Winner % Correct
AdventHealth 400 Denny Hamlin
93%
HighPoint.Com 400 Denny Hamlin
93%
Bass Pro Shops Night Race Denny Hamlin
93%
Bluegreen Vacations Duel 1 Joey Logano
93%
Ambetter Health 400 Joey Logano
93%
Pala Casino 400 Kyle Busch
92%
GEICO 500 Kyle Busch
92%
Enjoy Illinois 300 Presented By TicketSmarter Kyle Busch
92%
Pennzoil 400 William Byron
92%
United Rentals Work United 500 William Byron
92%
Goodyear 400 William Byron
92%
Quaker State 400 Presented By Walmart William Byron
92%
Go Bowling 220 At The Glen William Byron
92%
Autotrader EchoPark Automotive 400 William Byron
92%
Food City Dirt Race Christopher Bell
90%
4EVER 400 Presented By Mobile One Christopher Bell
90%
Toyota Owners 400 Kyle Larson
90%
NOCO 400 Kyle Larson
90%
NASCAR All-Star Race Kyle Larson
90%
Cook Out Southern 500 Kyle Larson
90%
South Point 400 Kyle Larson
90%
Daytona 500 Ricky Stenhouse Jr.
90%
Coca-Cola 600 Ryan Blaney
90%
YellaWood 500 Ryan Blaney
90%
Xfinity 500 Ryan Blaney
90%
Ally 400 Ross Chastain
87%
NASCAR Cup Series Championship Race Ross Chastain
87%
Cook Out 400 Chris Buescher
85%
FireKeepers Casino 400 Chris Buescher
85%
Coke Zero Sugar 400 Chris Buescher
85%
Busch Light Clash At The Coliseum Martin Truex Jr.
83%
Würth 400 Martin Truex Jr.
83%
Toyota Save Mart 350 Martin Truex Jr.
83%
Crayon 301 Martin Truex Jr.
83%
EchoPark Automotive Grand Prix Tyler Reddick
80%
Hollywood Casino 400 Presented By Barstool Sportsbook Tyler Reddick
80%
Grant Park 220 Shane Van Gisbergen
73%
Bank Of America ROVAL 400 A.J. Allmendinger
63%
Verizon 200 At The Brickyard Micheal McDowell
63%
Bluegreen Vacations Duel 2 Aric Almirola
47%
NASCAR All-Star Open Josh Berry
33%
No matching quizzes found
Score Distribution
Percent of People with Each Score
Percentile by Number Answered
Your Score History
You have not taken this quiz